000
00308 a2200121 4500
999
_c
12249
_d
12249
008
231110b ||||| |||| 00| 0 eng d
020
_a
0727701177
082
_a
690
100
_a
W. L. Elsby
245
_a
The Engineer and Construction Control
260
_b
Inst of Civil Engineers Pub
_c
1981
942
_2
ddc